Heartstopper : (Record no. 9567)
[ view plain ]
| 000 -LEADER | |
|---|---|
| fixed length control field | 01106nam a22002537a 4500 |
| 001 - CONTROL NUMBER | |
| control field | 9567 |
| 003 - CONTROL NUMBER IDENTIFIER | |
| control field | FISKH |
| 005 - DATE AND TIME OF LATEST TRANSACTION | |
| control field | 20260128102124.0 |
| 008 - FIXED-LENGTH DATA ELEMENTS--GENERAL INFORMATION | |
| fixed length control field | 260123b cb ||||| |||| 00| 0 eng d |
| 020 ## - INTERNATIONAL STANDARD BOOK NUMBER | |
| International Standard Book Number | 9781444968927 |
| 040 ## - CATALOGING SOURCE | |
| Original cataloging agency | FISKH |
| Language of cataloging | eng |
| Transcribing agency | FISKH |
| Modifying agency | FISKH |
| 050 ## - LIBRARY OF CONGRESS CALL NUMBER | |
| Classification number | PZ7.7 .O7656 .H |
| 082 ## - DEWEY DECIMAL CLASSIFICATION NUMBER | |
| Classification number | 741.5 |
| 100 ## - MAIN ENTRY--PERSONAL NAME | |
| Personal name | Oseman , Alice |
| 245 ## - TITLE STATEMENT | |
| Title | Heartstopper : |
| Remainder of title | Volume 1 / |
| Statement of responsibility, etc. | By Alice Oseman |
| 260 ## - PUBLICATION, DISTRIBUTION, ETC. | |
| Place of publication, distribution, etc. | London : |
| Name of publisher, distributor, etc. | Hodder Children's Books, |
| Date of publication, distribution, etc. | 2018 . |
| 300 ## - PHYSICAL DESCRIPTION | |
| Extent | 304 pages : |
| Other physical details | illustrations ; |
| Dimensions | 24 cm . |
| 490 ## - SERIES STATEMENT | |
| Series statement | Heartstopper |
| Volume/sequential designation | (1) |
| 520 ## - SUMMARY, ETC. | |
| Summary, etc. | "Shy and softhearted Charlie Spring sits next to rugby player Nick Nelson in class one morning. A warm and intimate friendship follows, and that soon develops into something more for Charlie, who doesn't think he has a chance. But Nick is struggling with feelings of his own, and as the two grow closer and take on the ups and downs of high school, they come to understand the surprising and delightful ways in which love works"-- |
| 650 ## - SUBJECT ADDED ENTRY--TOPICAL TERM | |
| Topical term or geographic name entry element | Contemporary |
| Form subdivision | Fiction |
| 650 ## - SUBJECT ADDED ENTRY--TOPICAL TERM | |
| Topical term or geographic name entry element | Romance |
| Form subdivision | Fiction |
| 942 ## - ADDED ENTRY ELEMENTS (KOHA) | |
| Source of classification or shelving scheme | Dewey Decimal Classification |
| Koha item type | Books |
| Suppress in OPAC | No |
| Withdrawn status | Lost status | Source of classification or shelving scheme | Damaged status | Not for loan | Collection | Home library | Current library | Shelving location | Date acquired | Total Checkouts | Full call number | Barcode | Date last seen | Price effective from | Koha item type |
|---|---|---|---|---|---|---|---|---|---|---|---|---|---|---|---|
| Dewey Decimal Classification | Fiction | Footprints International School Library Network Toul Tom Poung Campus | Footprints International School Library Network Toul Tom Poung Campus | TTP Secondary Fiction Bookshelves | 01/23/2026 | OSE 741.5 PZ7.7 .O7656 .H | 2026-0084 | 01/23/2026 | 01/23/2026 | Books |
